| 000 | 00478nam a2200157 i 4500 | ||
|---|---|---|---|
| 001 | 83146 | ||
| 003 | ES-MaACL | ||
| 005 | 20230906174802.0 | ||
| 007 | t| | ||
| 008 | 041115s1977 sp ||||1| spa d | ||
| 245 | 0 | 0 |
_aPanorámica demográfica _b: anexos / _cInstituto Nacional de Estadística. |
| 260 |
_aMadrid : _b[s.n.], _c1977. |
||
| 300 |
_a2 v. : _bil. ; _c27 cm. |
||
| 710 | 2 |
_aInstituto Nacional de Estadística (España) _95162 |
|
| 852 |
_aES-MaACL _jA-7537-8 _bR.96760 |
||
| 999 |
_c83146 _d83146 |
||